000 00398nam a22001697a 4500
005 20160614152551.0
008 160614b xxu||||| |||| 00| 0 eng d
020 _a81-7866-722-3
041 _aeng
082 _b7537
100 _aMuthial, Krishnavani
_91915
245 _aLogistics Management World seakorne trade
260 _bHPH
300 _a179
650 _aManagement
_9241
942 _cBK
999 _c2693
_d2692